000 00987nam a22002657a 4500
001 10113
003 FISKH
005 20260421105036.0
008 260421b cb ||||| |||| 00| 0 eng d
020 _a9788120744691
040 _aFISKH
_beng
_cFISKH
_dFISKH
050 _aGV1507 .M9
082 _a793.73
100 _aAnonymous
245 _aMy eye-spy book :
_cThe drowning crown /
260 _aNew Delhi :
_bSterling,
_c2015.
300 _a8 unnumbered pages :
_bcolor illustrations ;
_c28 cm
505 _aD
520 _aA colorful picture puzzle book designed for young children, featuring an underwater adventure theme. Readers are encouraged to search for hidden objects, match items, and develop observation skills while following a simple story about the “Drowning Crown.”
521 8 _a160
_bLexile estimate
521 8 _aD
_bRaz-Plus
650 _aEye-spy
_vActivity book
_xVisual learning
_yPuzzle book
942 _2ddc
_cBK
_n0
999 _c10113
_d10113